Normal view
MARC view
- حرية التعبير -- حرية الصحافة -- جرائم النشر-- جرائم الصحافة -- قوانين و تشريعات -- حرية التعبير -- قوانين و تشريعات -- القذف(قانون مدني)
Entry Topical Term
001 - CONTROL NUMBER
- control field: 49935
003 - CONTROL NUMBER IDENTIFIER
- control field: JO-AjAnu
005 - DATE AND TIME OF LATEST TRANSACTION
- control field: 20230606082226.0
008 - FIXED-LENGTH DATA ELEMENTS
- fixed length control field: 230606|| aca||aabn | a|a d
040 ## - CATALOGING SOURCE
- Original cataloging agency: JO-AjAnu
- Transcribing agency: JO-AjAnu
150 ## - HEADING--TOPICAL TERM
- Topical term or geographic name entry element: حرية التعبير -- حرية الصحافة -- جرائم النشر-- جرائم الصحافة -- قوانين و تشريعات -- حرية التعبير -- قوانين و تشريعات -- القذف(قانون مدني)
670 ## - SOURCE DATA FOUND
- Source citation: Work cat.: (JO-AjAnu)25532: الراعي، أشرف فتحي , author 49934, جرائم الصحافة والنشر الذم والقدح